| 000 | 00372nam a22001337a 4500 | ||
|---|---|---|---|
| 005 | 20240118100240.0 | ||
| 008 | 240118b |||||||| |||| 00| 0 eng d | ||
| 041 | _aeng | ||
| 100 |
_aARORA, ARUN _98391 |
||
| 245 |
_aJKS A BIOGRAPHY OF JAI KARAN SHARMA: THE LOGISTIC MAN OF INDIA _cARUN ARORA |
||
| 260 |
_aNEW DELHI _bPRABHAT PRAKASHAN _c2024 |
||
| 300 | _a286:P | ||
| 942 | _cBK | ||
| 999 |
_c8470 _d8468 |
||